00265nam a2200121Ia 4500008004100000100001700041245002100058260002200079300000800101650001000109942000700119999001700126190216s9999||||xx |||||||||||||| ||und|| aDaniel Defoe 0aRoninson Kurooso bDc Books Kottayam a107 aNovel cBK c29266d29266